| 000 | 01518nam a2200409Ii 4500 | ||
|---|---|---|---|
| 001 | DIGSLX2005 | ||
| 003 | NyNyDIG | ||
| 006 | m o d | ||
| 007 | cr ||||||||||| | ||
| 008 | 100625s2006 sp ab ob 000 0 spa d | ||
| 020 | _z9788477371649 | ||
| 020 | _z8477371644 | ||
| 035 | _a(OCoLC)654802444 | ||
| 040 |
_aDGITA _beng _epn _cDGITA |
||
| 043 | _ae-sp--- | ||
| 050 | 1 | 4 | _aHT653.S7 eBook |
| 245 | 0 | 0 |
_aTítulos, grandes del reino y grandeza en la sociedad política : _bfundamentos en la Castilla medieval / _cMaría Concepción Quintanilla Raso (dir.) ; Remedios Morán Martín ... [et al.]. |
| 264 | 1 |
_aMadrid : _bSílex, _cc2006. |
|
| 300 |
_a1 online resource (399 pages) : _bill., maps |
||
| 336 |
_atext _btxt _2rdacontent |
||
| 337 |
_acomputer _bc _2rdamedia |
||
| 338 |
_aonline resource _bcr _2rdacarrier |
||
| 490 | 1 | _aSílex universidad. | |
| 504 | _aIncludes bibliographical references (p. 373-399). | ||
| 650 | 0 |
_aNobility _zSpain _zCastile _xHistory _yTo 1500. |
|
| 650 | 0 |
_aAristocracy (Social class) _zSpain _zCastile _xHistory _yTo 1500. |
|
| 651 | 0 |
_aCastile (Spain) _xSocial conditions. |
|
| 655 | 0 | _aElectronic books. | |
| 700 | 1 | _aQuintanilla Raso, M. C. | |
| 700 | 1 | _aMorán Martín, Remedios. | |
| 791 | 2 |
_aDigitalia (Firm), _edistributor. |
|
| 830 | 0 | _aSílex universidad. | |
| 793 | 0 |
_gDigitalia eBook Collection: _aSílex. |
|
| 856 | 4 | 0 |
_3Digitalia Hispánica _uhttps://www.digitaliapublishing.com/a/1380/ |
| 910 | _aPremium Collection: 2007-2012 | ||
| 942 | _cRAA | ||
| 999 |
_c230190 _d230190 |
||